000 nam a22 7a 4500
999 _c47044
_d47044
003 OSt
005 20190502104037.0
008 190502b xxu||||| |||| 00| 0 eng d
040 _cIIMT COLLEGE OF LAW,GREATER NOIDA
100 _aKAPOOR,S.K.
245 _aLAW OF TORTS(H)
260 _aNEW DELHI
_bC.L.A.
_c2018
300 _a519
942 _2ddc
_c02